[Event "LSS No Engine Cup 194 Preliminary 0"]
[Site "LSS email"]
[Date "2019.10.14"]
[Round "?"]
[White "Komarov, Valerij"]
[Black "Heiser, Jerome"]
[Result "1-0"]
[WhiteElo "1604"]
[BlackElo "774"]
[PlyCount "63"]
[EventDate "2019.10.15"]
[EventType "tourn (corr)"]
[EventRounds "6"]
[EventCountry "GER"]
[SourceTitle "Corr 2022"]
[Source "ChessBase"]
[SourceDate "2021.10.24"]
[SourceVersion "1"]
[SourceVersionDate "2021.10.24"]
[SourceQuality "1"]

1. e4 e5 2. Nf3 Nc6 3. Bb5 d6 4. 0-0 Bd7 5. c3 a6 6. Ba4 b5 7. Bc2 Nf6 8. d3 h6 9. Be3 Be7 10. Nbd2 0-0 11. a3 d5 12. b4 d4 13. cxd4 Bg4 14. d5 Nd4 15. Bb1 Nxf3+ 16. Nxf3 Rc8 17. Ba2 c6 18. h3 Bh5 19. g4 Bg6 20. dxc6 Rxc6 21. Nxe5 Rc3 22. Nxg6 Kh7 23. Nxf8+ Bxf8 24. Bxf7 Rxd3 25. Qf3 Qe7 26. Qf5+ Kh8 27. e5 Rxe3 28. exf6 Qxf7 29. fxg7+ Qxg7 30. fxe3 Kg8 31. Rad1 Be7 32. Qe6+ 1-0

[Event "IECC CL0-2019.00 email"]
[Site "IECC email"]
[Date "2019.10.14"]
[Round "?"]
[White "Komarov, Valerij"]
[Black "Raines, David T"]
[Result "0-1"]
[WhiteElo "1241"]
[BlackElo "1291"]
[PlyCount "74"]
[EventDate "2019.08.26"]
[EventType "tourn (corr)"]
[EventRounds "4"]
[SourceTitle "Corr 2022"]
[Source "ChessBase"]
[SourceDate "2021.10.24"]
[SourceVersion "1"]
[SourceVersionDate "2021.10.24"]
[SourceQuality "1"]

1. e4 c6 2. d4 d5 3. e5 Bf5 4. Nf3 e6 5. c3 Nd7 6. Be2 h6 7. 0-0 a6 8. Nbd2 Ne7 9. Re1 Nc8 10. b4 b5 11. a4 Ncb6 12. a5 Na4 13. Qb3 Be7 14. Nf1 0-0 15. Ng3 Bh7 16. Nh5 Bg6 17. Nf4 Bf5 18. Bd3 Bxd3 19. Nxd3 Qc7 20. Bf4 Rae8 21. Kf1 Bd8 22. Ke2 Qb8 23. g4 Bc7 24. h4 f6 25. Qc2 fxe5 26. dxe5 Rxf4 27. Nxf4 Nxe5 28. Nd4 Qc8 29. g5 Ng4 30. Nd3 Bd6 31. f4 e5 32. fxe5 Nxe5 33. Nf2 Ng4+ 34. Kf1 Ne3+ 35. Rxe3 Rxe3 36. Nf5 Re6 37. Nd4 Re3 0-1

[Event "IECC CL0-2019.00 email"]
[Site "IECC email"]
[Date "2019.10.14"]
[Round "?"]
[White "Slavin, Pablo"]
[Black "Komarov, Valerij"]
[Result "1/2-1/2"]
[WhiteElo "1167"]
[BlackElo "1241"]
[PlyCount "121"]
[EventDate "2019.08.26"]
[EventType "tourn (corr)"]
[EventRounds "4"]
[SourceTitle "Corr 2022"]
[Source "ChessBase"]
[SourceDate "2021.10.24"]
[SourceVersion "1"]
[SourceVersionDate "2021.10.24"]
[SourceQuality "1"]

1. e4 c6 2. d4 d5 3. Nc3 g6 4. Nf3 Bg7 5. e5 f6 6. Bd3 Nh6 7. 0-0 0-0 8. Re1 fxe5 9. Nxe5 Nd7 10. Nxd7 Bxd7 11. Be3 Nf5 12. Bxf5 Bxf5 13. Qd2 Rf7 14. Ne2 Qd7 15. Ng3 e5 16. dxe5 Bxe5 17. c3 Re8 18. Bxa7 Bc7 19. Rxe8+ Qxe8 20. Be3 Be6 21. Re1 Bd6 22. Bd4 Qe7 23. Qe2 Bd7 24. Qxe7 Bxe7 25. b4 Bd6 26. f3 Bc7 27. Nf1 b6 28. Nd2 Bf5 29. Re8+ Rf8 30. Re7 Rf7 31. Re8+ Rf8 32. Rxf8+ Kxf8 33. g3 Ke7 34. Kf2 Bd3 35. Ke3 Bb5 36. f4 Ke6 37. Nf3 Kf5 38. h3 Bd8 39. Be5 c5 40. bxc5 bxc5 41. Bd6 Bb6 42. Be5 Bd8 43. Nd2 h5 44. Bd6 Bb6 45. Kf3 Ke6 46. Bf8 c4 47. Bg7 Bc6 48. Ke2 Ba4 49. Nf3 Kf7 50. Bd4 Bxd4 51. Nxd4 Bd7 52. h4 Ke7 53. Kd2 Kd6 54. Kc2 Kc5 55. Kb2 Kd6 56. Ka3 Kc5 57. Nf3 Bg4 58. Nd4 Bd7 59. Kb2 Kb6 60. Nf3 Kc5 61. Nd4 1/2-1/2

[Event "OP-2019-0-04841"]
[Site "LSS email"]
[Date "2019.09.09"]
[Round "?"]
[White "Schleef, Harald"]
[Black "Komarov, Valerij"]
[Result "1-0"]
[WhiteElo "1742"]
[BlackElo "1241"]
[PlyCount "45"]
[EventDate "2019.09.01"]
[EventType "tourn (corr)"]
[EventRounds "4"]
[EventCountry "GER"]
[SourceTitle "Corr 2022"]
[Source "ChessBase"]
[SourceDate "2021.10.24"]
[SourceVersion "1"]
[SourceVersionDate "2021.10.24"]
[SourceQuality "1"]

1. d4 c5 2. d5 e5 3. e4 h6 4. f4 Qf6 5. Nf3 d6 6. Bb5+ Bd7 7. fxe5 dxe5 8. a4 a6 9. Be2 Qd6 10. Nbd2 Qc7 11. Nc4 Bd6 12. 0-0 Bg4 13. Nh4 Bxe2 14. Qxe2 Nf6 15. Nf5 Bf8 16. Bf4 exf4 17. e5 Nxd5 18. Nfd6+ Kd8 19. Rad1 Bxd6 20. Rxd5 Nd7 21. Rfd1 Kc8 22. Rxd6 b5 23. Rxd7 1-0

[Event "RF-2019-0-00484"]
[Site "LSS email"]
[Date "2019.08.08"]
[Round "?"]
[White "Achmad, Yani"]
[Black "Komarov, Valerij"]
[Result "1-0"]
[WhiteElo "1382"]
[BlackElo "1222"]
[PlyCount "70"]
[EventDate "2019.06.29"]
[EventType "tourn (corr)"]
[EventRounds "6"]
[EventCountry "GER"]
[SourceTitle "Corr 2022"]
[Source "ChessBase"]
[SourceDate "2021.10.24"]
[SourceVersion "1"]
[SourceVersionDate "2021.10.24"]
[SourceQuality "1"]

1. d4 Nf6 2. c4 e6 3. Nf3 Bb4+ 4. Bd2 Bxd2+ 5. Qxd2 Nc6 6. e3 Ne4 7. Qd3 d5 8. Nbd2 Nb4 9. Qb3 Nxd2 10. Nxd2 Nc6 11. Rc1 dxc4 12. Bxc4 0-0 13. 0-0 b6 14. Bd3 Bd7 15. Be4 Na5 16. Qc2 c6 17. b4 f5 18. Bf3 Nb7 19. b5 cxb5 20. Bxb7 Rb8 21. Bc6 Rc8 22. Qb3 a6 23. a4 bxa4 24. Bxd7 Qxd7 25. Qxb6 Ra8 26. Rc4 Kh8 27. Ra1 Rfb8 28. Rc7 Qb5 29. Qxe6 Qb4 30. Qf7 Rg8 31. Nf3 Qb2 32. Rf1 Raf8 33. Ng5 a3 34. Qh5 h6 35. Qxh6+ gxh6 1-0

[Event "IECC CL0-2019.00 email"]
[Site "IECC email"]
[Date "2019.08.08"]
[Round "?"]
[White "Komarov, Valerij"]
[Black "Chura, Michal"]
[Result "1-0"]
[WhiteElo "1222"]
[BlackElo "1178"]
[PlyCount "59"]
[EventDate "2019.06.18"]
[EventType "tourn (corr)"]
[EventRounds "4"]
[SourceTitle "Corr 2022"]
[Source "ChessBase"]
[SourceDate "2021.10.24"]
[SourceVersion "1"]
[SourceVersionDate "2021.10.24"]
[SourceQuality "1"]

1. d4 b5 2. Bf4 Bb7 3. Nc3 a6 4. d5 Nf6 5. a3 g6 6. f3 Bg7 7. g4 0-0 8. Qd2 d6 9. e4 Nbd7 10. 0-0-0 Ne5 11. b3 Rc8 12. Bxe5 dxe5 13. Kb2 Ne8 14. Nge2 Nd6 15. Ng3 c5 16. dxc6 Rxc6 17. Bd3 Qd7 18. h4 Rfc8 19. Na2 Ba8 20. h5 Nb7 21. Nb4 Rf6 22. hxg6 Rxf3 23. gxh7+ Kh8 24. Nf5 Rf4 25. Nd5 Rxg4 26. Qe2 Rg5 27. Nb6 Qc7 28. Nxc8 Rxf5 29. Qg4 Rf4 30. Qxg7+ 1-0

[Event "IECC CL0-2019.00 email"]
[Site "IECC email"]
[Date "2019.08.08"]
[Round "?"]
[White "Komarov, Valerij"]
[Black "Lonyuk, Bohdan"]
[Result "0-1"]
[WhiteElo "1222"]
[BlackElo "1356"]
[PlyCount "78"]
[EventDate "2019.06.18"]
[EventType "tourn (corr)"]
[EventRounds "4"]
[SourceTitle "Corr 2022"]
[Source "ChessBase"]
[SourceDate "2021.10.24"]
[SourceVersion "1"]
[SourceVersionDate "2021.10.24"]
[SourceQuality "1"]

1. d4 d5 2. Nf3 Nf6 3. Nc3 Bf5 4. Nh4 Bg6 5. Bf4 e6 6. Nb5 Bd6 7. Nxd6+ cxd6 8. Nxg6 hxg6 9. f3 Nc6 10. Bg3 Qb6 11. e3 Qxb2 12. Bxd6 Qc3+ 13. Kf2 e5 14. Bb5 exd4 15. Re1 0-0-0 16. Bf4 dxe3+ 17. Bxe3 d4 18. Bd2 Qc5 19. Bxc6 Qxc6 20. Bf4 Nd5 21. Qxd4 Rh4 22. g4 Nxf4 23. Qxf4 Rd2+ 24. Kg1 Rhxh2 25. Qxh2 Qc5+ 26. Kh1 Rxh2+ 27. Kxh2 Qf2+ 28. Kh3 Qxf3+ 29. Kh2 Qxg4 30. Re8+ Kc7 31. Re7+ Kc6 32. Rae1 Qf4+ 33. Kg1 Qd4+ 34. Kf1 Qc4+ 35. R1e2 Kd6 36. Rxb7 Qxa2 37. Ke1 Qa1+ 38. Kd2 Qa5+ 39. c3 Qd5+ 0-1

[Event "RF-2019-0-00484"]
[Site "LSS email"]
[Date "2019.08.08"]
[Round "?"]
[White "Lauer, Frederic"]
[Black "Komarov, Valerij"]
[Result "0-1"]
[WhiteElo "1184"]
[BlackElo "1222"]
[PlyCount "48"]
[EventDate "2019.06.29"]
[EventType "tourn (corr)"]
[EventRounds "6"]
[EventCountry "GER"]
[SourceTitle "Corr 2022"]
[Source "ChessBase"]
[SourceDate "2021.10.24"]
[SourceVersion "1"]
[SourceVersionDate "2021.10.24"]
[SourceQuality "1"]

1. e4 g6 2. d4 Bg7 3. Be3 d6 4. Nc3 e5 5. Nf3 Bg4 6. dxe5 Bxe5 7. Bd4 Nc6 8. Bb5 Bxf3 9. gxf3 Nf6 10. Bxe5 dxe5 11. Qxd8+ Rxd8 12. Bxc6+ bxc6 13. Ke2 0-0 14. Rad1 Rb8 15. b3 Kg7 16. Rd2 Rfe8 17. Rhd1 h5 18. Na4 h4 19. Nc5 Rb5 20. Nd7 Nh5 21. c4 Nf4+ 22. Ke3 Ra5 23. b4 Ra3+ 24. Rd3 Rxd3+ 0-1

[Event "RF-2018-0-00453"]
[Site "LSS email"]
[Date "2018.11.21"]
[Round "?"]
[White "Komarov, Valerij"]
[Black "Shim Ng Min, Francis"]
[Result "0-1"]
[WhiteElo "1258"]
[BlackElo "1234"]
[PlyCount "58"]
[EventDate "2018.10.24"]
[EventType "tourn (corr)"]
[EventRounds "6"]
[EventCountry "GER"]
[SourceTitle "Corr 2022"]
[Source "ChessBase"]
[SourceDate "2021.10.24"]
[SourceVersion "1"]
[SourceVersionDate "2021.10.24"]
[SourceQuality "1"]

1. e4 c5 2. Nf3 d6 3. d4 cxd4 4. Nxd4 Nf6 5. Nc3 a6 6. Bg5 Nbd7 7. g4 Qa5 8. Bxf6 Nxf6 9. f3 e5 10. Nb3 Qd8 11. h4 Be6 12. Nd5 Nxd5 13. exd5 Bd7 14. Qd2 Be7 15. g5 h6 16. Rg1 hxg5 17. hxg5 Rh5 18. f4 Qb6 19. Rg2 0-0-0 20. 0-0-0 Kb8 21. Kb1 Ka8 22. Bd3 Rdh8 23. Be4 Rh4 24. Rf2 exf4 25. Rxf4 Bxg5 26. Rxh4 Bxh4 27. Qf4 Bf6 28. c3 Rh4 29. Qf3 Bg4 0-1

[Event "CP-2017-P-00005"]
[Site "LSS email"]
[Date "2017.09.27"]
[Round "?"]
[White "Gomez Galan Arense, Joaquin"]
[Black "Komarov, Valerij"]
[Result "1-0"]
[WhiteElo "1623"]
[BlackElo "1203"]
[PlyCount "67"]
[EventDate "2017.10.01"]
[EventType "tourn (corr)"]
[EventRounds "6"]
[EventCountry "GER"]
[SourceTitle "Corr 2022"]
[Source "ChessBase"]
[SourceDate "2021.10.24"]
[SourceVersion "1"]
[SourceVersionDate "2021.10.24"]
[SourceQuality "1"]

1. d4 Nf6 2. c4 e6 3. Nc3 Bb4 4. e3 0-0 5. Bd3 d5 6. Nf3 c5 7. 0-0 a6 8. a3 cxd4 9. exd4 dxc4 10. Bxc4 Be7 11. d5 Qc7 12. Qe2 b5 13. Ba2 exd5 14. Nxd5 Nxd5 15. Bxd5 Bb7 16. Bf4 Qd7 17. Bxb7 Qxb7 18. Rac1 Nc6 19. Rxc6 Qxc6 20. Qxe7 Rfe8 21. Qh4 Rad8 22. Bd2 f6 23. h3 Qc2 24. Qb4 Re4 25. Qa5 Qc8 26. Rc1 Qa8 27. Rc7 Re2 28. Qb6 Qb8 29. Rb7 Qxb7 30. Qxb7 Rexd2 31. Nxd2 Rxd2 32. b4 Re2 33. Qxa6 Re5 34. f4 1-0

[Event "OP-2017-0-04436"]
[Site "LSS email"]
[Date "2017.09.18"]
[Round "?"]
[White "Komarov, Valerij"]
[Black "Misericordia, Antonio"]
[Result "0-1"]
[WhiteElo "1185"]
[BlackElo "2361"]
[PlyCount "76"]
[EventDate "2017.09.07"]
[EventType "tourn (corr)"]
[EventRounds "4"]
[EventCountry "GER"]
[SourceTitle "Corr 2022"]
[Source "ChessBase"]
[SourceDate "2021.10.24"]
[SourceVersion "1"]
[SourceVersionDate "2021.10.24"]
[SourceQuality "1"]

1. d4 Nf6 2. c4 d5 3. cxd5 Qxd5 4. Nc3 Qa5 5. Bd2 c6 6. Nf3 Qb6 7. e4 Bg4 8. e5 Nd5 9. Na4 Qd8 10. Be2 e6 11. 0-0 Be7 12. h3 Bh5 13. Nc5 Bxc5 14. dxc5 Nd7 15. g4 Bg6 16. Rc1 h5 17. g5 Bf5 18. h4 Qc7 19. Re1 0-0 20. Bf1 Rfd8 21. Qe2 Ne7 22. Kh2 Ng6 23. Kg3 Bg4 24. Bf4 Nxf4 25. Kxf4 f6 26. gxf6 gxf6 27. Qe4 fxe5+ 28. Nxe5 Rf8+ 29. Kg3 Rf5 30. Bc4 Re8 31. f4 Nxe5 32. Rc2 Qg7 33. Kh2 Nf3+ 34. Kh1 Qf6 35. Bxe6+ Kh8 36. Ree2 Rxf4 37. Qe3 Bxe6 38. Qc3 Rxh4+ 0-1

[Event "ZL-2017-0-02034"]
[Site "LSS email"]
[Date "2017.09.17"]
[Round "?"]
[White "Komarov, Valerij"]
[Black "Olsen, Sverre Eugen"]
[Result "1/2-1/2"]
[WhiteElo "1185"]
[BlackElo "1081"]
[PlyCount "57"]
[EventDate "2017.08.27"]
[EventType "match (corr)"]
[EventRounds "2"]
[EventCountry "GER"]
[SourceTitle "Corr 2022"]
[Source "ChessBase"]
[SourceDate "2021.10.24"]
[SourceVersion "1"]
[SourceVersionDate "2021.10.24"]
[SourceQuality "1"]

1. Nf3 Nf6 2. c4 c5 3. Nc3 e6 4. e3 d5 5. d4 Nc6 6. cxd5 exd5 7. Bb5 Bd6 8. 0-0 0-0 9. Qa4 Bd7 10. dxc5 Bxc5 11. Nxd5 Nxd5 12. Qc4 Nxe3 13. Bxe3 Bxe3 14. fxe3 Na5 15. Qb4 Bxb5 16. Qxb5 b6 17. e4 Rc8 18. Rac1 Qe7 19. e5 Rc5 20. Rxc5 Qxc5+ 21. Qxc5 bxc5 22. Rd1 h6 23. Rd5 Nb7 24. Rd7 Rb8 25. Kf2 a5 26. a4 Kf8 27. Ke3 Ke8 28. Rd2 Nd8 29. Ne1 1/2-1/2

[Event "ZL-2017-0-02034"]
[Site "LSS email"]
[Date "2017.09.17"]
[Round "?"]
[White "Olsen, Sverre Eugen"]
[Black "Komarov, Valerij"]
[Result "0-1"]
[WhiteElo "1081"]
[BlackElo "1185"]
[PlyCount "44"]
[EventDate "2017.08.27"]
[EventType "match (corr)"]
[EventRounds "2"]
[EventCountry "GER"]
[SourceTitle "Corr 2022"]
[Source "ChessBase"]
[SourceDate "2021.10.24"]
[SourceVersion "1"]
[SourceVersionDate "2021.10.24"]
[SourceQuality "1"]

1. e4 c5 2. Nf3 d6 3. d4 cxd4 4. Nxd4 Nf6 5. Nc3 a6 6. Bg5 e6 7. f4 Qb6 8. Qd2 Nc6 9. 0-0-0 Nxd4 10. Qxd4 Qxd4 11. Rxd4 h6 12. Bxf6 gxf6 13. g4 e5 14. fxe5 fxe5 15. Rd2 Bxg4 16. Nd5 0-0-0 17. h3 Be6 18. Rg1 h5 19. Rg3 Bh6 20. Rc3+ Kb8 21. Ne3 Rhg8 22. b3 Rg3 0-1

[Event "SE-2017-0-00257"]
[Site "LSS email"]
[Date "2017.09.12"]
[Round "?"]
[White "Komarov, Valerij"]
[Black "Obrien, Glenn"]
[Result "1-0"]
[WhiteElo "1185"]
[BlackElo "1393"]
[PlyCount "45"]
[EventDate "2017.07.17"]
[EventType "tourn (corr)"]
[EventRounds "6"]
[EventCountry "GER"]
[SourceTitle "Corr 2022"]
[Source "ChessBase"]
[SourceDate "2021.10.24"]
[SourceVersion "1"]
[SourceVersionDate "2021.10.24"]
[SourceQuality "1"]

1. d4 Nf6 2. c4 e6 3. Nf3 b6 4. Nc3 Bb4 5. Bg5 Bb7 6. Qc2 0-0 7. e3 h6 8. Bh4 d6 9. Bd3 Nbd7 10. 0-0-0 Bxc3 11. Qxc3 c5 12. Kb1 cxd4 13. Qxd4 e5 14. Qxd6 e4 15. Be2 exf3 16. gxf3 g5 17. Rhg1 Kh8 18. Bg3 g4 19. Qf4 gxf3 20. Qxh6+ Nh7 21. Be5+ Qf6 22. Bxf6+ Ndxf6 23. Qg7# 1-0

[Event "OP-2017-0-04282"]
[Site "LSS email"]
[Date "2017.02.13"]
[Round "?"]
[White "Komarov, Valerij"]
[Black "Palla, Vit"]
[Result "1/2-1/2"]
[WhiteElo "1179"]
[BlackElo "1209"]
[PlyCount "77"]
[EventDate "2017.02.08"]
[EventType "tourn (corr)"]
[EventRounds "4"]
[EventCountry "GER"]
[SourceTitle "Corr 2022"]
[Source "ChessBase"]
[SourceDate "2021.10.24"]
[SourceVersion "1"]
[SourceVersionDate "2021.10.24"]
[SourceQuality "1"]

1. e4 e6 2. Nc3 d5 3. d4 Bb4 4. e5 c5 5. a3 Bxc3+ 6. bxc3 Nc6 7. Nf3 Qc7 8. Bb5 Nge7 9. dxc5 0-0 10. 0-0 Qa5 11. a4 Bd7 12. Bd2 Qc7 13. Re1 Nb8 14. c4 Bxb5 15. cxb5 Qxc5 16. Rb1 Re8 17. Be3 Qc4 18. a5 Rc8 19. Nd4 Nd7 20. f4 Nc5 21. b6 Ne4 22. Qf3 Nc6 23. Nxc6 Qxc6 24. bxa7 Nc5 25. Bxc5 Qxc5+ 26. Kh1 Rxa7 27. h4 Qc3 28. Qg4 Rxa5 29. h5 Qxc2 30. Rxb7 h6 31. Reb1 Qc5 32. f5 exf5 33. Qxf5 Rf8 34. e6 d4 35. exf7+ Kh8 36. Qxc5 Rxc5 37. g4 d3 38. Rd1 Rg5 39. Rxd3 1/2-1/2

[Event "RF-2017-0-00364"]
[Site "LSS email"]
[Date "2017.02.12"]
[Round "?"]
[White "Feng, Jason"]
[Black "Komarov, Valerij"]
[Result "1/2-1/2"]
[WhiteElo "1014"]
[BlackElo "1149"]
[PlyCount "60"]
[EventDate "2017.01.15"]
[EventType "tourn (corr)"]
[EventRounds "6"]
[EventCountry "GER"]
[SourceTitle "Corr 2022"]
[Source "ChessBase"]
[SourceDate "2021.10.24"]
[SourceVersion "1"]
[SourceVersionDate "2021.10.24"]
[SourceQuality "1"]

1. e4 c5 2. Nf3 Nc6 3. Bb5 Nf6 4. Bxc6 bxc6 5. 0-0 Nxe4 6. Qe2 f5 7. Nc3 Nxc3 8. dxc3 d6 9. Ng5 e5 10. Re1 Be7 11. h4 0-0 12. Qc4+ d5 13. Qe2 e4 14. Bf4 h6 15. Nh3 Bxh4 16. Qh5 Bd7 17. g3 Be8 18. Qxh4 g5 19. Bxg5 hxg5 20. Nxg5 Qe7 21. Kg2 Bd7 22. Rh1 Qg7 23. Qh7+ Qxh7 24. Rxh7 Rfd8 25. Rah1 Rab8 26. Rh8+ Kg7 27. Rxd8 Rxd8 28. Nh3 Rh8 29. Nf4 Rxh1 30. Kxh1 Kf6 1/2-1/2

[Event "RF-2017-0-00364"]
[Site "LSS email"]
[Date "2017.02.12"]
[Round "?"]
[White "Shim Ng Min, Francis"]
[Black "Komarov, Valerij"]
[Result "1-0"]
[WhiteElo "1294"]
[BlackElo "1149"]
[PlyCount "74"]
[EventDate "2017.01.15"]
[EventType "tourn (corr)"]
[EventRounds "6"]
[EventCountry "GER"]
[SourceTitle "Corr 2022"]
[Source "ChessBase"]
[SourceDate "2021.10.24"]
[SourceVersion "1"]
[SourceVersionDate "2021.10.24"]
[SourceQuality "1"]

1. e4 e5 2. Nf3 d6 3. d4 Nd7 4. dxe5 dxe5 5. Bc4 Bd6 6. 0-0 Ngf6 7. Nc3 0-0 8. Bg5 h6 9. Bh4 Nb6 10. Bb3 Bg4 11. h3 Bd7 12. Qd3 Bc6 13. Rfe1 a6 14. Rad1 Qe7 15. Nd5 Nbxd5 16. exd5 Bb5 17. c4 Bd7 18. Bxf6 Qxf6 19. Bc2 g6 20. Qe3 Kg7 21. Nxe5 Rae8 22. Nxd7 Rxe3 23. Nxf6 Rxe1+ 24. Rxe1 Kxf6 25. g4 Bf4 26. f3 Kg5 27. Kg2 h5 28. Re4 hxg4 29. h4+ Kh6 30. Rxf4 gxf3+ 31. Kxf3 f5 32. Ke3 c5 33. dxc6 bxc6 34. Kd4 Re8 35. Kc5 Re2 36. Bb3 Re5+ 37. Kxc6 Re4 1-0

[Event "IECC CL0-2017.00 email"]
[Site "IECC email"]
[Date "2017.01.03"]
[Round "?"]
[White "Komarov, Valerij"]
[Black "Prokopets, Vasilij"]
[Result "1-0"]
[WhiteElo "1132"]
[BlackElo "1364"]
[PlyCount "23"]
[EventDate "2016.12.18"]
[EventType "tourn (corr)"]
[EventRounds "4"]
[SourceTitle "Corr 2022"]
[Source "ChessBase"]
[SourceDate "2021.10.24"]
[SourceVersion "1"]
[SourceVersionDate "2021.10.24"]
[SourceQuality "1"]

1. e4 e5 2. Nf3 Nc6 3. Bc4 Nf6 4. Nc3 Nxe4 5. 0-0 Nxc3 6. dxc3 Be7 7. Re1 d6 8. a3 0-0 9. Bd5 Bg4 10. Qd3 Qd7 11. Be4 f5 12. Bd5+ 1-0